WWE Roster 2019 - Statistics

General Stats
  • This quiz has been taken 270 times
  • The average score is 66 of 191
Answer Stats
Answer % Correct
Roman Reigns
86%
Seth Rollins
86%
AJ Styles
80%
Brock Lesnar
73%
Becky Lynch
72%
Big E
72%
Kofi Kingston
71%
The Miz
70%
Dean Ambrose
69%
Charlotte Flair
68%
Daniel Bryan
68%
Bobby Lashley
67%
Randy Orton
67%
Xavier Woods
67%
Braun Strowman
66%
Jey Uso
66%
Kevin Owens
66%
Drew McIntyre
65%
Bray Wyatt
64%
Bayley
63%
Finn Balor
63%
Jimmy Uso
63%
Sasha Banks
63%
Asuka
62%
Rey Mysterio
62%
Sami Zayn
62%
Adam Cole
61%
Sheamus
61%
Baron Corbin
60%
Shinsuke Nakamura
60%
Cesaro
59%
Dolph Ziggler
59%
Ricochet
58%
R-Truth
58%
Kurt Angle
56%
Nia Jax
56%
Alexa Bliss
55%
Andrade
55%
Rusev
55%
Aleister Black
53%
Ronda Rousey
52%
Big Show
51%
Bobby Roode
50%
Carmella
50%
Samoa Joe
50%
Johnny Gargano
49%
Bobby Fish
48%
Naomi
48%
Natalya
48%
Kalisto
47%
Akam
46%
Jeff Hardy
46%
Kairi Sane
46%
Rowan
46%
Chad Gable
45%
Lana
45%
Mandy Rose
45%
Shane McMahon
45%
Tamina
45%
Buddy Murphy
44%
Jinder Mahal
44%
Keith Lee
44%
Liv Morgan
44%
Otis
44%
Pete Dunne
44%
Luke Gallows
43%
Titus O'Neil
43%
Bianca Belair
42%
Curt Hawkins
42%
Elias
42%
Roderick Strong
42%
Walter
42%
Zack Ryder
42%
Apollo Crews
41%
Cedric Alexander
41%
Dash Wilder
41%
Karl Anderson
41%
Dana Brooke
40%
Matt Hardy
40%
Nikki Cross
40%
Rezar
40%
Ruby Riott
40%
Sarah Logan
40%
Scott Dawson
40%
Shayna Baszler
40%
Sonya Deville
40%
Tommaso Ciampa
40%
Mustafa Ali
39%
Harper
38%
Kyle O'Reilly
38%
Matt Riddle
38%
Shelton Benjamin
38%
Gran Metalik
37%
Sin Cara
37%
Zelina Vega
37%
Billie Kay
36%
Heath Slater
36%
Peyton Royce
36%
Tucker
36%
Akira Tozawa
33%
Bo Dallas
33%
Drew Gulak
33%
Velveteen Dream
33%
Fandango
32%
Tyler Bate
32%
Curtis Axel
31%
Lio Rush
31%
Montez Ford
31%
Angelo Dawkins
30%
Ember Moon
30%
Eric Young
30%
Lacey Evans
30%
Tyler Breeze
30%
Lince Dorado
29%
Nikki Bella
29%
Dakota Kai
28%
Io Shirai
28%
Killian Dain
28%
Konnor
28%
Rhyno
28%
Alicia Fox
27%
EC3
27%
Viktor
27%
Alexander Wolfe
26%
Jason Jordan
26%
Tony Nese
26%
Aiden English
24%
Candice LeRae
24%
Mia Yim
24%
No Way Jose
23%
Batista
21%
Mickie James
21%
Mojo Rawley
21%
Lars Sullivan
20%
Maryse
20%
Mike Kanellis
20%
Oney Lorcan
20%
Goldust
19%
Trent Seven
19%
The Brian Kendrick
18%
Aliyah
17%
Dominik Dijakovic
15%
Epico Colon
15%
Xia Li
15%
Danny Burch
14%
Hanson
14%
Humberto Carillo
14%
Jordan Devlin
14%
Kassius Ohno
14%
Primo Colon
14%
Marcel Barthel
13%
Noam Dar
13%
Fabian Aichner
12%
Wesley Blake
12%
Ariya Daivari
11%
Jessamyn Duke
11%
Kacy Catanzaro
10%
Marina Shafir
10%
Steve Cutler
10%
Wolfgang
10%
Joe Coffey
9%
Mark Andrews
9%
Mark Coffey
8%
Gentleman Jack Gallagher
7%
Jaxson Ryker
7%
Ligero
7%
Raul Mendoza
7%
Riddick Moss
7%
Shane Thorne
7%
Zack Gibson
7%
Flash Morgan Webster
6%
James Drake
6%
Kona Reeves
6%
Taynara Conti
6%
Vanessa Borne
6%
Amir Jordan
5%
Dave Mastiff
5%
Deonna Purrazzo
5%
Eddie Dennis
4%
Travis Banks
4%
Ashton Smith
3%
Cezar Bononi
3%
Joseph Conners
3%
Kenny Williams
3%
Raymond Rowe
3%
Tino Sabbatelli
3%
Luke Menzies
2%
Mike Hitchman
2%
Sam Gradwell
2%
Saxon Huxley
2%
Tyson T-Bone
2%
No matching quizzes found
Score Distribution
Percent of People with Each Score
Percentile by Number Answered
Your Score History
You have not taken this quiz